| 000 -ლიდერი |
| ფიქსირებული სიგრძის საკონტროლო ველი |
01338nam a22002297a 4500 |
| 003 - საკონტროლო ნომრის იდენტიფიკატორი |
| საკონტროლო ველი |
Ge_BSU |
| 005 - ბოლო ოპერაციის თარიღი და დრო |
| საკონტროლო ველი |
20241031153315.0 |
| 008 - ფიქსირებული სიგრძის მონაცემთა ელემენტები - ზოგადი ინფორმაცია |
| ფიქსირებული სიგრძის საკონტროლო ველი |
241031s2023 ge ||||| |||| 00| 0 geo d |
| 020 ## - წიგნის საერთაშორისო სტანდარტული ნომერი |
| International Standard Book Number |
9789941315862 |
| 041 ## - ენის კოდი |
| Language code of text/sound track or separate title |
geo |
| 080 ## - უნივერსალური ათობითი კლასიფიკაციის ინდექსი |
| Universal Decimal Classification number |
06.068:821 კ-87 |
| 100 ## - მთავარი ჩანაწერი - პიროვნების სახელი |
| Personal name |
კუდავა, კახმეგ |
| 9 (RLIN) |
3271 |
| 245 ## - ცნობა სათაურის შესახებ |
| Title |
ნობელის პრემიის ლაურეატები ლიტერატურაში, 1901-2022 : |
| Remainder of title |
შემოქმედებითი ბიოგრაფიები / |
| Statement of responsibility, etc |
შემდგენელ-რედაქტორი კახმეგ კუდავა; გარეკანის დიზაინერი თეონა ჭანიშვილი. |
| 264 ## - წარმოების, გამოცემის, დისტრიბუციის და სხვა ცნობები |
| გამოცემის, წარმოების, დისტრიბუციის... ადგილი |
თბილისი : |
| გამოცემის, წარმოების, დისტრიბუციის... სახელწოდება |
ინტელექტი, |
| გამოცემის, წარმოების, დისტრიბუციის... თარიღი |
2023. |
| 300 ## - ფიზიკური აღწერა |
| Extent |
832 გვ. ; |
| Other physical details |
25 სმ. |
| 500 ## - ზოგადი შენიშვნა |
| General note |
ანბანური საძიებელი: გვ. 821-822. |
| 504 ## - BIBLIOGRAPHY, ETC. NOTE |
| Bibliography, etc |
ბიბლიოგრაფია: გვ. 823-827. |
| 653 ## - INDEX TERM--UNCONTROLLED |
| Uncontrolled term |
ნობელის პრემიის ლაურეატები |
| 653 ## - INDEX TERM--UNCONTROLLED |
| Uncontrolled term |
შემოქმედებითი ბიოგრაფიები |
| 700 ## - ADDED ENTRY--PERSONAL NAME |
| Personal name |
ჭანიშვილი, თეონა |
| Relator term |
გარეკანის დიზაინერი |
| 9 (RLIN) |
6381 |
| 942 ## - ADDED ENTRY ELEMENTS (KOHA) |
| Source of classification or shelving scheme |
|
| Koha item type |
წიგნი |